000 00430nam a2200181Ia 4500
005 20240823015317.0
008 240823s9999||||xx |||||||||||||| ||und||
041 _aENGLISH
082 _A629.2 N2
100 _aNakra C P
245 0 _aAutomotive Mechanics
250 _a1st
260 _c1992
_b"Dhanpat Rai Publishing , New "
500 _aTRANSFERED
650 _aAutomation
_bMechanical
942 _cBK
999 _c172125
_d172125